| 000 | 00478nam a22001817a 4500 | ||
|---|---|---|---|
| 003 | NUST | ||
| 038 | _akhadija | ||
| 082 |
_a891.4393 _bIQB |
||
| 100 |
_aAllam Iqbal _988896 |
||
| 245 |
_aKuliyat-e-Iqbal / _cAllama Iqbal |
||
| 260 |
_aLahore _bKhazeena Ilam o Adab _c2006. |
||
| 300 |
_a702p. ; _b20 cm. |
||
| 500 | _aHardcover. | ||
| 563 | _aHB | ||
| 880 |
_6100-01 _aعلامہ اقبال |
||
| 880 |
_6245-02 _aکلیات اقبال _cعلامہ اقبال |
||
| 942 |
_cBK _2ddc |
||
| 999 |
_c32589 _d32589 |
||